000 00744nam a2200217Ii 4500
003 JO-AjNU
008 230605s9999||||xx |||||||||||||| ||und||
017 _a1976/2869
020 _a1977-201-068-2
040 _aJO-AjNU
_bara
_erda
_cJO-AjNU
041 _aara
050 1 4 _aDS219.B4.M83 1976
100 3 _aمحجوب، محمد عبده,
_eauthor
_937772
245 0 0 _aأنثربولوجيا المجتمعات البدوية
264 3 1 _aالاسكندرية: الهيئة المصرية العامة للكتاب، 1976
300 _a292ص
336 _atext
_btxt
_2rdacontent
337 _aunmediated
_bn
_2rdamedia
338 _avolume
_bnc
_2rdacarrier
650 4 _aالمجتمعات البدوية -العرب-تاريخ
_937773
999 _aA15813
_c19381
_d19381